Tratamiento fiscal de los pagos a beneficiarios del exterior (Registro nro. 13513)

Detalles MARC
000 -LEADER
fixed length control field 00344 a2200109 4500
001 - CONTROL NUMBER
control field ART_10633
005 - DATE AND TIME OF LATEST TRANSACTION
control field 20260410161643.0
008 - FIXED-LENGTH DATA ELEMENTS--GENERAL INFORMATION
fixed length control field 260409a
100 1# - MAIN ENTRY--PERSONAL NAME
Personal name Bechara, Fabián
245 10 - TITLE STATEMENT
Title Tratamiento fiscal de los pagos a beneficiarios del exterior
773 0# - HOST ITEM ENTRY
Title Consultor tributario
Related parts - Año 6, Nº 69 (nov. 2012)
Record control number REV474

No hay ítems disponibles.